000 00218nam a2200097Ia 4500
008 190216s9999||||xx |||||||||||||| ||und||
100 _aNull
245 0 _aHindi-Mahabi Thigamith
260 _bBright Careers
942 _cBK
999 _c17837
_d17837